00673nam a2200193 a 450000100080000000500110000800800410001910000200006024501230008026001510020365000120035465000090036665300120037565300130038770000190040070000200041970000200043970000200045916951152012-04-18 2008 bl uuuu u00u1 u #d1 aSMIDERLE, O. J. aQualidade e produtividade de sementes de soja em função de doses de potássio produzidas em cerrado de Roraima 2007. aREUNIÃO DE PESQUISA DE SOJA DA REGIÃO CENTRAL DO BRASIL, 30., 2008, Rio Verde. Resumos. Londrina : Embrapa Soja, 2008. v. 304. p. 330-331.c2008 aCerrado aSoja aRoraima aSementes1 aIVANOFF, M. E.1 aUCHOA, S. C. P.1 aSILVA, S. R. G.1 aCARVALHO, K. S.